Prologue to violence: child abuse, dissociation and crime

Saved in:  
Bibliographic Details
Main Author: Stein, Abby (Author)
Format: Print Book
Language:English
Published: Mahwah, NJ [u.a.] Analytic Press 2007
In: Psychoanalysis in a new key book series (5)
Year: 2007
Availability in Tübingen:Present in Tübingen.
UB: KB 20 A 2533
Check availability: HBZ Gateway
Subito Delivery Service: Order now.
Keywords:

MARC

LEADER 00000cam a2200000 c 4500
001 1604787384
003 DE-627
005 20251225192115.0
007 tu
008 070404s2007 xx ||||| 00| ||eng c
020 |a 0881634166  |9 0-88163-416-6 
020 |a 9780881634167  |9 978-0-88163-416-7 
024 3 |a 9780881634167 
035 |a (DE-627)1604787384 
035 |a (DE-576)263444414 
035 |a (DE-599)BSZ263444414 
035 |a (OCoLC)85831243 
040 |a DE-627  |b ger  |c DE-627  |e rakwb 
041 |a eng 
082 0 |a 364.3 
084 |a 5,2  |2 ssgn 
100 1 |a Stein, Abby  |4 aut 
245 1 0 |a Prologue to violence  |b child abuse, dissociation and crime  |c Abby Stein 
264 1 |a Mahwah, NJ [u.a.]  |b Analytic Press  |c 2007 
300 |a  XVII, 147 S. 
336 |a Text  |b txt  |2 rdacontent 
337 |a ohne Hilfsmittel zu benutzen  |b n  |2 rdamedia 
338 |a Band  |b nc  |2 rdacarrier 
490 1 |a Psychoanalysis in a new key book series  |v 5 
583 1 |a Archivierung prüfen  |c 20200919  |f DE-640  |z 2  |2 pdager 
689 0 0 |d s  |0 (DE-588)4030550-8  |0 (DE-627)104360100  |0 (DE-576)208988165  |a Kind  |2 gnd 
689 0 1 |d s  |0 (DE-588)4030650-1  |0 (DE-627)104254092  |0 (DE-576)208988483  |a Kindesmisshandlung  |2 gnd 
689 0 2 |d s  |0 (DE-588)4078782-5  |0 (DE-627)106076329  |0 (DE-576)20921001X  |a Verbrechensopfer  |2 gnd 
689 0 3 |d s  |0 (DE-588)4157234-8  |0 (DE-627)104262087  |0 (DE-576)209832851  |a Gewaltkriminalität  |2 gnd 
689 0 4 |d s  |0 (DE-588)4176205-8  |0 (DE-627)105358274  |0 (DE-576)209969113  |a Psychodynamik  |2 gnd 
689 0 |5 (DE-627) 
830 0 |a Psychoanalysis in a new key book series  |v 5  |9 5  |w (DE-627)616569785  |w (DE-576)115493662  |w (DE-600)2533297-1  |7 am 
951 |a BO 
ELC |b 1 
LOK |0 000 xxxxxcx a22 zn 4500 
LOK |0 001 3105930868 
LOK |0 003 DE-627 
LOK |0 004 1604787384 
LOK |0 005 20070720145247 
LOK |0 008 070510||||||||||||||||ger||||||| 
LOK |0 040   |a DE-21  |c DE-627  |d DE-21 
LOK |0 852   |a DE-21 
LOK |0 852 1  |c KB 20 A 2533  |9 00 
LOK |0 935   |a krim 
LOK |0 936ln  |a k8.4 
LOK |0 938   |l 20/07/07  |8 6 
LOK |0 939   |a 10-05-07  |b l01 
ORI |a SA-MARC-krimdoka001.raw 
SIG |a UB: KB 20 A 2533